Statistics for Quentin Tarantino Movies

Click here to take the quiz!

General Stats

  • This quiz has been taken 57 times
  • The average score is 9 of 10

Answer Stats

YearAnswer% Correct
2012Django Unchained
98%
1994Pulp Fiction
98%
2009Inglourious Basterds
91%
2003Kill Bill - Vol. 1
91%
2004Kill BIll - Vol. 2
91%
1992Reservoir Dogs
89%
1997Jackie Brown
87%
2019Once Upon a Time in Hollywood
87%
2015The Hateful Eight
85%
2007Death Proof
65%

Score Distribution

Percentile by Number Answered

Percent of People with Each Score

Your Score History

You have not taken this quiz